| 000 | 00522nam a22001697a 4500 | ||
|---|---|---|---|
| 020 | _a9788131516706 | ||
| 082 | _a621.3845 | ||
| 100 | _aAgrawal Dharma Prakash. | ||
| 245 | _aIntroduction to wireless and mobile systems | ||
| 250 | _a3rd ed. | ||
| 260 |
_aMexico _bCengage Learning _c2011 |
||
| 300 |
_axxvi, 572 p. _bill. ; _e25 cm. |
||
| 500 | _aIncludes index. | ||
| 650 | _a1. Wireless communication systems. 2. Mobile communication systems. 3. Computer network protocols. | ||
| 700 | _aZeng, Qing-An | ||
| 942 | _cBK | ||
| 999 |
_c11940 _d11940 |
||